Cargando...
Large gardens and parks : maintenance, management and design
| Autor principal: | |
|---|---|
| Formato: | Printed Book |
| Lenguaje: | Undetermined English |
| Publicado: |
London
Granada Publishing Ltd
1982
|
| Materias: |
| LEADER | 00603nam a2200181Ia 4500 | ||
|---|---|---|---|
| 008 | 140306s9999 xx 000 0 und d | ||
| 041 | |a eng | ||
| 082 | |a 635 |b WRI/LA | ||
| 100 | |a Wright, T W J | ||
| 245 | |a Large gardens and parks : maintenance, management and design | ||
| 260 | |a London |b Granada Publishing Ltd |c 1982 | ||
| 300 | |a 194 | ||
| 365 | |b Rs .64.00 | ||
| 650 | |a Floriculture | ||
| 650 | |a horticulture | ||
| 942 | |2 ddc |c BK | ||
| 999 | |c 107373 |d 107373 | ||
| 952 | |0 0 |1 0 |2 ddc |4 0 |6 635_000000000000000_WRILA |7 0 |9 104523 |a KAUHCV |b KAUHCV |d 2004-03-19 |g 64.00 |o 635 WRI/LA |p KAU_HCV-17513 |r 2014-03-22 |w 2014-03-22 |y BK | ||